Fußballvereine mit den meisten Mitgliedern - Statistiken

Allgemein
  • Dieses Quiz wurde 88 mal gespielt
  • Das Durchschnittsergebnis liegt bei 8 aus 15
Antwortstatistiken
Mitglieder Verein % Korrekt
316.000 FC Bayern München
99%
200.000 Borussia Dortmund
96%
170.000 FC Barcelona
86%
180.000 FC Schalke 04
84%
150.000 Manchester United
73%
315.879 Boca Juniors
52%
132.439 1. FC Köln
51%
335.945 River Plate
51%
130.000 FC Arsenal
49%
262.000 Benfica Lissabon
43%
140.000 Eintracht Frankfurt
43%
122.744 FC Porto
29%
114.425 Gremio Porto Alegre
0%
155.000 Palmeiras Sao Paulo
0%
151.000 Sao Paulo FC
0%
Keine übereinstimmenden Quizze gefunden
Verteilung der Resultate
Anzahl Personen mit jedem Resultat
Perzentil nach korrekt beantworteten Fragen
Ihre Resultats-Entwicklung
Sie haben dieses Quiz noch nicht gespielt